000 00538nam a2200205Ia 4500
008 240509s9999 xx 000 0 und d
020 _a0008131714314
041 _aEng
082 _a658.4038
082 _bL18
100 _aLAUDON, K.C. : LAUDON, J.P. :
245 0 _aMANAGEMENT INFORMATION SYSTEMS: MANAGING THE DIGITAL FIRM :( With CD)
250 _a10th ed.
260 _bPEARSON EDUCATION INDIA
260 _c2008
300 _a731 p.
650 _aMANAGEMENT INFORMATION SYSTEMS : MIS
942 _2ddc
942 _cLBK
999 _c23194
_d23194
945 _a1
_bMadushi Gamage
_c1
_dMadushi Gamage